LEADER 02551nam 2200649 a 450 001 9910462973703321 005 20200520144314.0 010 $a1-55570-903-6 035 $a(CKB)2670000000359703 035 $a(EBL)1187221 035 $a(SSID)ssj0000889953 035 $a(PQKBManifestationID)12421351 035 $a(PQKBTitleCode)TC0000889953 035 $a(PQKBWorkID)10882931 035 $a(PQKB)10390691 035 $a(OCoLC)868950004 035 $a(MiAaPQ)EBC1187221 035 $a(Au-PeEL)EBL1187221 035 $a(CaPaEBR)ebr10751724 035 $a(OCoLC)843882785 035 $a(EXLCZ)992670000000359703 100 $a20130911d2013 uy 0 101 0 $aeng 135 $aur|n|---||||| 181 $ctxt 182 $cc 183 $acr 200 00$aUsing libguides to enhance library services$b[electronic resource]$ea LITA guide /$fedited by Aaron W. Dobbs, Ryan L. Sittler, and Douglas Cook 210 $aChicago, Ill. $cALA TechSource$dc2013 215 $a1 online resource (330 p.) 300 $aDescription based upon print version of record. 311 $a1-55570-880-3 320 $aIncludes bibliographical references at the end of each chapters and index. 330 $aThe easy-to-use tools in Springshare's LibGuides help you organize webpages, improve students' research experience and learning, and offer an online community of librarians sharing their work and ideas. Editors Dobbs, Sittler, and Cook have recruited expert contributors to address specific applications, creating a one-stop reference. 606 $aLibrary Web sites$xDesign 606 $aDigital libraries$xDesign 606 $aLibraries$xSpecial collections$xComputer network resources 606 $aLibrary information networks 606 $aElectronic information resource literacy 608 $aElectronic books. 615 0$aLibrary Web sites$xDesign. 615 0$aDigital libraries$xDesign. 615 0$aLibraries$xSpecial collections$xComputer network resources. 615 0$aLibrary information networks. 615 0$aElectronic information resource literacy. 676 $a025.0422 701 $aDobbs$b Aaron W.$f1968-$01037466 701 $aSittler$b Ryan$01037467 701 $aCook$b Douglas$f1951-$01037468 712 02$aLibrary and Information Technology Association (U.S.) 801 0$bMiAaPQ 801 1$bMiAaPQ 801 2$bMiAaPQ 906 $aBOOK 912 $a9910462973703321 996 $aUsing libguides to enhance library services$92458475 997 $aUNINA LEADER 01665nas 2200469 c 450 001 9910145446703321 005 20251012103911.0 035 $a(DE-599)ZDB2238668-3 035 $a(OCoLC)1368640680 035 $a(DE-101)980089735 035 $a(CKB)1000000000707954 035 $a(EXLCZ)991000000000707954 100 $a20060609b19091932 |y | 101 0 $ager 135 $aurm||001aaaba 181 $ctxt$2rdacontent 182 $cc$2rdamedia 183 $acr$2rdacarrier 200 00$aBeitra?ge zur Geschichte der Technik und Industrie$eJahrbuch des Vereins Deutscher Ingenieure$fim Auftr. des Vereins Deutscher Ingenieure 210 31$aBerlin$cVDI-Verl.$d1909-1932 210 21$aBerlin$cSpringer 215 $aOnline-Ressource 311 08$a1863-0723 517 $aBeiträge zur Geschichte der Technik und Industrie 517 $aBeiträge zur Geschichte der Technik und Industrie Jahrbuch des Vereins Deutscher Ingenieure 606 $aIndustrie$3(DE-588)4026779-9$3https://d-nb.info/gnd/4026779-9$3(DE-101)040267792$9rswk-swf$2gnd 606 $aTechnik$3(DE-588)4059205-4$3https://d-nb.info/gnd/4059205-4$3(DE-101)040592057$9rswk-swf$2gnd 608 $aZeitschrift$2gnd-content 608 $aZeitschrift$9rswk-swf$2gnd 608 $aOnline-Publikation$9rswk-swf$2gnd 615 7$aIndustrie. 615 7$aTechnik. 676 $a600 686 $aZG 1100$aZG 8700$2rvk 712 02$aVerein Deutscher Ingenieure$4isb 801 0$b0007 801 1$bDE-101 801 2$b9999 906 $aJOURNAL 912 $a9910145446703321 996 $aBeitra?ge zur Geschichte der Technik und Industrie$94439835 997 $aUNINA